000 00232nam a2200097Ia 4500
008 190216s9999||||xx |||||||||||||| ||und||
100 _aMuhammed T
245 0 _aBharatheeya Samskarathinde Adiozhukkukal
260 _bNull
942 _cBK
999 _c25189
_d25189